| 000 | 00769nam2a2200229 4500 | ||
|---|---|---|---|
| 001 | rc\2819485 | ||
| 005 | 20260315044300.0 | ||
| 035 | _a(NLR Aleph) 006977998 | ||
| 090 |
_a13568212 _c13568212 |
||
| 100 | _a20110622d1930 u y0rusy50 ca | ||
| 101 | 0 | _arus | |
| 102 | _aRU | ||
| 105 | _ay z ||||| | ||
| 200 | 1 | _aОгни в сугробах | |
| 210 | _d1930 | ||
| 461 | 0 |
_1001rc\2819484 _12001#$aБиблиотека журнала "Юный пролетарий"$v1 _95504104 _cЛенинград _d1930 _nизд-во "Красная газета" _tБиблиотека журнала "Юный пролетарий" _v1 |
|
| 700 | 1 |
_aЛяс _bМ.А. |
|
| 801 | 0 |
_aRU _bNLR _gpsbo |
|
| 801 | 1 |
_aRU _bELAR _2rusmarc |
|
| 852 |
_aNLR _j30.8/7046 |
||
| 942 | _cUNSPEC | ||
| 980 | _aNB | ||